Identify Color by Wavelength - Statistics

General Stats
  • This quiz has been taken 52 times
  • The average score is 6 of 9
Answer Stats
Wavelength Name of Color % Correct
650 nm Red
100%
620 nm Orange
95%
575 nm Yellow
95%
450 nm Blue
69%
520 nm Green
67%
410 nm Violet
67%
490 nm Cyan
49%
430 nm Indigo
49%
560 nm Lime
38%
No matching quizzes found
Score Distribution
Percent of People with Each Score
Percentile by Number Answered
Your Score History
You have not taken this quiz